<?xml version="1.0" encoding="UTF-8"?>
<record
    xmlns:xsi="http://www.w3.org/2001/XMLSchema-instance"
    xsi:schemaLocation="http://www.loc.gov/MARC21/slim http://www.loc.gov/standards/marcxml/schema/MARC21slim.xsd"
    xmlns="http://www.loc.gov/MARC21/slim">

  <leader>02693cim a2200457Ka 4500</leader>
  <datafield tag="999" ind1=" " ind2=" ">
    <subfield code="c">3485</subfield>
    <subfield code="d">3485</subfield>
  </datafield>
  <controlfield tag="001">771066534</controlfield>
  <controlfield tag="003">OCoLC</controlfield>
  <controlfield tag="005">20181113172407.0</controlfield>
  <controlfield tag="006">aa     bk   000 0 </controlfield>
  <controlfield tag="007">sd fsngnnmmneu</controlfield>
  <controlfield tag="008">120106s2011    vaunnnn qr     l  n eng d</controlfield>
  <datafield tag="020" ind1=" " ind2=" ">
    <subfield code="a">1598037692</subfield>
  </datafield>
  <datafield tag="020" ind1=" " ind2=" ">
    <subfield code="a">9781598037692</subfield>
  </datafield>
  <datafield tag="020" ind1=" " ind2=" ">
    <subfield code="a">9781598037685</subfield>
  </datafield>
  <datafield tag="020" ind1=" " ind2=" ">
    <subfield code="a">1598037684</subfield>
  </datafield>
  <datafield tag="028" ind1="0" ind2="2">
    <subfield code="a">7330</subfield>
    <subfield code="b">Teaching Company</subfield>
  </datafield>
  <datafield tag="028" ind1="0" ind2="2">
    <subfield code="a">PC7330A</subfield>
    <subfield code="b">Teaching Company</subfield>
  </datafield>
  <datafield tag="040" ind1=" " ind2=" ">
    <subfield code="a">WIM</subfield>
    <subfield code="c">WIM</subfield>
    <subfield code="d">VVC</subfield>
    <subfield code="d">GO3</subfield>
    <subfield code="d">AKR</subfield>
  </datafield>
  <datafield tag="082" ind1=" " ind2=" ">
    <subfield code="a">781.17</subfield>
    <subfield code="b">G798G</subfield>
  </datafield>
  <datafield tag="090" ind1=" " ind2=" ">
    <subfield code="a">MT125</subfield>
    <subfield code="b">.G74 2011 CD</subfield>
  </datafield>
  <datafield tag="090" ind1=" " ind2=" ">
    <subfield code="a">MT125</subfield>
    <subfield code="b">.G74 2011 CD</subfield>
  </datafield>
  <datafield tag="100" ind1="1" ind2=" ">
    <subfield code="a">Greenberg, Robert,</subfield>
    <subfield code="d">1954-</subfield>
  </datafield>
  <datafield tag="245" ind1="1" ind2="4">
    <subfield code="a">The 30 greatest orchestral works</subfield>
    <subfield code="h">[sound recording] /</subfield>
    <subfield code="c">Robert Greenberg</subfield>
  </datafield>
  <datafield tag="246" ind1="3" ind2="0">
    <subfield code="a">Thirty greatest orchestral works</subfield>
  </datafield>
  <datafield tag="260" ind1=" " ind2=" ">
    <subfield code="a">Chantilly, Va. :</subfield>
    <subfield code="b">Teaching Company,</subfield>
    <subfield code="c">c2011</subfield>
  </datafield>
  <datafield tag="300" ind1=" " ind2=" ">
    <subfield code="a">32 sound discs :</subfield>
    <subfield code="b">digital ;</subfield>
    <subfield code="c">4 3/4 in. +</subfield>
    <subfield code="e">1 course guidebook (vi, 197 p. : ill. ; 20 cm.)</subfield>
  </datafield>
  <datafield tag="490" ind1="1" ind2=" ">
    <subfield code="a">Great courses</subfield>
  </datafield>
  <datafield tag="500" ind1=" " ind2=" ">
    <subfield code="a">Course guidebook includes lecture outlines and notes, a time line, glossary, biographical notes, bibliography and discography</subfield>
  </datafield>
  <datafield tag="505" ind1="0" ind2="0">
    <subfield code="g">[v. 1] 1.</subfield>
    <subfield code="t">Game plan and preliminaries --</subfield>
    <subfield code="g">2.</subfield>
    <subfield code="t">Vivaldi: The four seasons --</subfield>
    <subfield code="g">3.</subfield>
    <subfield code="t">Bach: Brandenburg concerto no. 2 --</subfield>
    <subfield code="g">4.</subfield>
    <subfield code="t">Bach: Violin concerto in E major --</subfield>
    <subfield code="g">5.</subfield>
    <subfield code="t">Haydn: Symphony no. 104 --</subfield>
    <subfield code="g">6.</subfield>
    <subfield code="t">Mozart: Piano concerto no. 24 in C minor --</subfield>
    <subfield code="g">7.</subfield>
    <subfield code="t">Mozart: Symphony in C major, "Jupiter" --</subfield>
    <subfield code="g">8.</subfield>
    <subfield code="t">Beethoven: Symphony no. 3</subfield>
  </datafield>
  <datafield tag="505" ind1="0" ind2="0">
    <subfield code="g">[v. 2] 9.</subfield>
    <subfield code="t">Beethoven: Piano concerto no. 4 --</subfield>
    <subfield code="g">10.</subfield>
    <subfield code="t">Beethoven: Symphony no. 9 --</subfield>
    <subfield code="g">11.</subfield>
    <subfield code="t">Schubert: Symphony no. 9 --</subfield>
    <subfield code="g">12.</subfield>
    <subfield code="t">Mendelssohn: "Italian" symphony --</subfield>
    <subfield code="g">13.</subfield>
    <subfield code="t">Schumann: Symphony no. 3 --</subfield>
    <subfield code="g">14.</subfield>
    <subfield code="t">Brahms: Symphony no. 4 --</subfield>
    <subfield code="g">15.</subfield>
    <subfield code="t">Brahms: Violin concerto --</subfield>
    <subfield code="g">16.</subfield>
    <subfield code="t">Tchaikovsky: Symphony no. 4</subfield>
  </datafield>
  <datafield tag="505" ind1="0" ind2="0">
    <subfield code="g">[v. 3] 17.</subfield>
    <subfield code="t">Tchaikovsky: Violin concerto --</subfield>
    <subfield code="g">18.</subfield>
    <subfield code="t">Bedrich Smetana: Ma vlast --</subfield>
    <subfield code="g">19.</subfield>
    <subfield code="t">Dvorak: Symphony no. 8 --</subfield>
    <subfield code="g">20.</subfield>
    <subfield code="t">Dvorak: Concerto for cello --</subfield>
    <subfield code="g">21.</subfield>
    <subfield code="t">Rimsky-Korsakov: Scheherazade --</subfield>
    <subfield code="g">22.</subfield>
    <subfield code="t">Richard Strauss: Thus spoke Zarathustra --</subfield>
    <subfield code="g">23.</subfield>
    <subfield code="t">Mahler: Symphony no. 5 --</subfield>
    <subfield code="g">24.</subfield>
    <subfield code="t">Rachmaninoff: Symphony no. 2</subfield>
  </datafield>
  <datafield tag="505" ind1="0" ind2="0">
    <subfield code="g">[v. 4] 25.</subfield>
    <subfield code="t">Debussy: La mer --</subfield>
    <subfield code="g">26.</subfield>
    <subfield code="t">Stravinsky: The rite of spring --</subfield>
    <subfield code="g">27.</subfield>
    <subfield code="t">Ives: Three places in New England --</subfield>
    <subfield code="g">28.</subfield>
    <subfield code="t">Holst: The planets --</subfield>
    <subfield code="g">29.</subfield>
    <subfield code="t">Copland: Appalachian spring --</subfield>
    <subfield code="g">30.</subfield>
    <subfield code="t">Shostakovich: Symphony no. 5 --</subfield>
    <subfield code="g">31.</subfield>
    <subfield code="t">Shostakovich: Symphony no. 10 --</subfield>
    <subfield code="g">32.</subfield>
    <subfield code="t">The ones that got away</subfield>
  </datafield>
  <datafield tag="511" ind1="0" ind2=" ">
    <subfield code="a">Taught by: Professor Robert Greenberg, San Francisco Performances</subfield>
  </datafield>
  <datafield tag="538" ind1=" " ind2=" ">
    <subfield code="a">Compact discs</subfield>
  </datafield>
  <datafield tag="650" ind1=" " ind2="0">
    <subfield code="a">Orchestral music</subfield>
    <subfield code="x">History and criticism</subfield>
  </datafield>
  <datafield tag="650" ind1=" " ind2="0">
    <subfield code="a">Music appreciation</subfield>
  </datafield>
  <datafield tag="650" ind1=" " ind2="0">
    <subfield code="a">Music</subfield>
    <subfield code="x">Instruction and study</subfield>
  </datafield>
  <datafield tag="710" ind1="2" ind2=" ">
    <subfield code="a">Teaching Company</subfield>
  </datafield>
  <datafield tag="830" ind1=" " ind2="0">
    <subfield code="a">Great courses (Compact disc)</subfield>
  </datafield>
  <datafield tag="942" ind1=" " ind2=" ">
    <subfield code="2">ddc</subfield>
    <subfield code="c">BK</subfield>
  </datafield>
  <datafield tag="952" ind1=" " ind2=" ">
    <subfield code="0">0</subfield>
    <subfield code="1">0</subfield>
    <subfield code="2">ddc</subfield>
    <subfield code="4">0</subfield>
    <subfield code="7">0</subfield>
    <subfield code="8">NFIC</subfield>
    <subfield code="a">HMC</subfield>
    <subfield code="b">HMC</subfield>
    <subfield code="c">GEN</subfield>
    <subfield code="d">2018-11-13</subfield>
    <subfield code="g">120.00</subfield>
    <subfield code="l">0</subfield>
    <subfield code="o">781.17 G798G</subfield>
    <subfield code="p">004064</subfield>
    <subfield code="r">2018-11-13 00:00:00</subfield>
    <subfield code="w">2018-11-13</subfield>
    <subfield code="y">BK</subfield>
  </datafield>
</record>
